Novela kompetenčného zákona

Schválenie zákona č. 134/2020 Z. z., ktorým sa mení a dopĺňa zákon č. 575/2001 Z. z. o organizácii činnosti vlády a organizácii ústrednej štátnej správy a ktorým sa menia a dopĺňajú niektoré zákony. Daný zákon prináša zásadné zmeny do organizácie a fungovania vlády SR, ministerstiev a ostatných ústr...

Descrizione completa

Salvato in:
Dettagli Bibliografici
Autore principale: Balog, Boris
Altri autori: Gálisová, Zuzana
Natura: Capitolo di libro
Lingua:slovacco
Soggetti:
Tags: Aggiungi Tag
Nessun Tag, puoi essere il primo ad aggiungerne!!

MARC

LEADER 00000naa a2200000 4500
001 0267464
005 20200806102033.8
041 0 |a slo 
044 |a SK 
245 1 0 |a Novela kompetenčného zákona  |c Boris Balog, Zuzana Gálisová 
520 |a Schválenie zákona č. 134/2020 Z. z., ktorým sa mení a dopĺňa zákon č. 575/2001 Z. z. o organizácii činnosti vlády a organizácii ústrednej štátnej správy a ktorým sa menia a dopĺňajú niektoré zákony. Daný zákon prináša zásadné zmeny do organizácie a fungovania vlády SR, ministerstiev a ostatných ústredných orgánov štátnej správy. 
610 2 0 |a legislatíva 
610 2 0 |a novelizácia 
610 2 0 |a správa štátna 
610 2 0 |a vláda 
610 2 0 |a ministerstvá 
100 1 |a Balog, Boris 
700 1 |a Gálisová, Zuzana